000 00575nam a2200193 a 4500
003 OSt
005 20150112170540.0
008 020226s1976 esp 0011 spa d
020 _a84-01-44089-0
040 _cBMC
082 _a813.5
100 1 _aBradbury, Ray
_929629
_d1920-2012
245 1 0 _aFahrenheit 451
_cRay Bradbury ; traducción de, Alfredo Crespo
260 _aEsplugas de Llobregat, Barcelona
_bPlaza & Janés
_c1976
300 _a187 p.
_c19 cm
650 2 4 _917595
_aNovela norteamericana
700 1 _929849
_aCrespo, Alfredo
_qCrespo López
942 _2ddc
_cBK
999 _c17064
_d17064